000 nam a22 a 4500
999 _c2923
_d2923
005 20170518155556.0
008 170518s1984 us ||||| |||| 00| 0 eng d
020 _a0697082288
040 _aAKMAL
082 0 0 _a658 AND
090 _a658
_bAND
100 1 _a Anderson, Carl R.
_96128
245 1 0 _aManagement :
_bskills, functions, and organization performance /
_cCarl R. Anderson
260 _a Dubuque, Iowa : |
_b W.C. Brown, |c .
_cc1984
300 _c27cm
_a xxv, 758 p. :
_bill
504 _aIncludes bibliographies and indexes.
650 0 _aManagement.
_91462
942 _2ddc
_cBOOK